[Event "Tradewise Gibraltar Chess Festival 2013"]
[Site "Gibraltar ENG"]
[Date "2013.01.26"]
[Round "5.29"]
[White "Georgiadis, Nico"]
[Black "Muzychuk, Anna"]
[Result "0-1"]
[WhiteElo "2369"]
[BlackElo "2582"]
[PlyCount "158"]
[EventDate "2013.01.22"]
[EventType "swiss"]
[EventRounds "10"]
[EventCountry "ENG"]
[Source "lmi"]
[SourceDate "2013.01.22"]

1. e4 e5 2. Nf3 Nc6 3. Bb5 a6 4. Ba4 Nf6 5. Qe2 b5 6. Bb3 Be7 7. c3 O-O 8. O-O
d5 9. d3 Re8 10. Re1 Be6 11. Nbd2 h6 12. Nf1 Qd7 13. Ng3 a5 14. a4 b4 15. Rd1
Rab8 16. Rb1 Bd6 17. Qc2 bxc3 18. bxc3 Red8 19. h3 Bf8 20. exd5 Bxd5 21. Bxd5
Qxd5 22. Rxb8 Rxb8 23. c4 Qc5 24. Bb2 Bd6 25. Nf5 Qb4 26. Bc3 Qb3 27. Qd2 Qxa4
28. Re1 Bb4 29. Nxe5 Nxe5 30. Rxe5 Qa1+ 31. Bxa1 Bxd2 32. Re2 Rb1+ 33. Kh2 Bf4+
34. g3 Bxg3+ 35. Nxg3 Rxa1 36. Re7 Ra2 37. Kg2 Rd2 38. Rxc7 Rxd3 39. Ra7 Ra3
40. c5 Nd5 41. c6 Rc3 42. Ne2 Rxc6 43. Rxa5 Rg6+ 44. Kf3 Rd6 45. Ra8+ Kh7 46.
Ra7 Rf6+ 47. Kg3 g6 48. Rd7 Nb6 49. Rd4 Kg7 50. Kg2 Rc6 51. Ng3 Nc8 52. Kf3 Ne7
53. Rd7 Rf6+ 54. Kg2 Re6 55. Rd4 Ng8 56. Rd3 Nf6 57. Rd4 Rb6 58. Kf3 Nh7 59.
Kg2 Ng5 60. Rc4 Ra6 61. Rd4 Rf6 62. Rg4 Rb6 63. Rc4 h5 64. Ra4 Rc6 65. Rb4 Rf6
66. f4 Nh7 67. f5 Kh6 68. fxg6 fxg6 69. Ra4 Ng5 70. Rb4 Ra6 71. Rb2 Ra3 72. h4
Nf3 73. Rb4 Ne1+ 74. Kh3 Nd3 75. Rd4 Nf2+ 76. Kg2 Ra2 77. Kg1 Ng4 78. Rf4 Ne3
79. Rf3 Ng2 0-1

[Event "Tradewise Gibraltar Chess Festival 2013"]
[Site "Gibraltar ENG"]
[Date "2013.01.26"]
[Round "5.30"]
[White "Ortega Ruiz, Jose Miguel"]
[Black "Zhao, Xue"]
[Result "0-1"]
[WhiteElo "2349"]
[BlackElo "2554"]
[PlyCount "78"]
[EventDate "2013.01.22"]
[EventType "swiss"]
[EventRounds "10"]
[EventCountry "ENG"]
[Source "lmi"]
[SourceDate "2013.01.22"]

1. d4 Nf6 2. c4 e6 3. Nf3 b6 4. g3 Ba6 5. Qc2 Bb4+ 6. Bd2 Be7 7. e4 d5 8. cxd5
Bxf1 9. Kxf1 exd5 10. exd5 Qxd5 11. Kg2 Nc6 12. Be3 Nb4 13. Qxc7 Bd6 14. Qc1
Qb7 15. Bg5 Ne4 16. Nc3 f5 17. Nb5 Bb8 18. h4 h6 19. Qc4 Nd5 20. Rac1 Kd7 21.
Rhd1 hxg5 22. Ne5+ Ke6 23. f3 Nd6 24. Qe2 Nxb5 25. Ng6+ Kf6 26. Nxh8 Bxg3 27.
Kxg3 Rxh8 28. Qe5+ Kg6 29. a4 Qd7 30. axb5 Qxb5 31. Qe6+ Nf6 32. Rc7 f4+ 33.
Kf2 Rxh4 34. Re1 Qxb2+ 35. Re2 Qxd4+ 36. Kg2 g4 37. Qf7+ Kf5 38. Qe6+ Kg6 39.
Qf7+ Kg5 0-1

[Event "Tradewise Gibraltar Chess Festival 2013"]
[Site "Gibraltar ENG"]
[Date "2013.01.26"]
[Round "5.31"]
[White "Maze, Sebastien"]
[Black "Fenollar Jorda, Manuel"]
[Result "1-0"]
[WhiteElo "2546"]
[BlackElo "2325"]
[PlyCount "87"]
[EventDate "2013.01.22"]
[EventType "swiss"]
[EventRounds "10"]
[EventCountry "ENG"]
[Source "lmi"]
[SourceDate "2013.01.22"]

1. Nf3 d5 2. b3 Bf5 3. Bb2 e6 4. g3 Nf6 5. Bg2 Be7 6. O-O h6 7. c4 O-O 8. d4
Nbd7 9. e3 c6 10. Nc3 Ne4 11. Ne2 b5 12. c5 a5 13. Ne1 Qc7 14. Nd3 Bf6 15. Rc1
Be7 16. f3 Nef6 17. Nf2 Bh7 18. g4 Ne8 19. Qd2 Qd8 20. Nf4 Ra7 21. a3 Kh8 22.
N4d3 Bxd3 23. Nxd3 a4 24. b4 Nef6 25. Qe2 Ra8 26. e4 Qc7 27. Rce1 Rae8 28. e5
Nh7 29. Qc2 Qd8 30. f4 Rg8 31. h3 Rgf8 32. Re3 Rg8 33. Qe2 Ndf8 34. Bc1 Qd7 35.
Bd2 Ng6 36. f5 Nh4 37. f6 Nxg2 38. Kxg2 gxf6 39. exf6 Bxf6 40. Ref3 Bxd4 41.
Rxf7 Qd8 42. Ne5 Qh4 43. Rxh7+ Kxh7 44. Qd3+ 1-0

[Event "Tradewise Gibraltar Chess Festival 2013"]
[Site "Gibraltar ENG"]
[Date "2013.01.26"]
[Round "5.32"]
[White "Kvisvik, Brede"]
[Black "Salem, A.R. Saleh"]
[Result "1-0"]
[WhiteElo "2314"]
[BlackElo "2538"]
[PlyCount "81"]
[EventDate "2013.01.22"]
[EventType "swiss"]
[EventRounds "10"]
[EventCountry "ENG"]
[Source "lmi"]
[SourceDate "2013.01.22"]

1. d4 Nf6 2. c4 g6 3. Nc3 d5 4. Nf3 Bg7 5. Qa4+ Bd7 6. Qb3 dxc4 7. Qxc4 O-O 8.
Bf4 Bf5 9. e3 Na6 10. Rd1 c6 11. Qb3 Nd5 12. Be5 Qa5 13. Bxg7 Kxg7 14. Nd2 Nxc3
15. bxc3 Be6 16. Bc4 Bc8 17. O-O Rb8 18. Qb2 f6 19. a4 b5 20. axb5 cxb5 21. Ba2
Qc7 22. Rc1 Rd8 23. Qb3 e5 24. f4 exf4 25. Rxf4 Rb6 26. Qb2 Re8 27. Rf3 Bb7 28.
Rg3 Qe7 29. e4 Nc7 30. Re1 Nd5 31. Rf1 Nc7 32. Re1 Ne6 33. Rf1 Rd8 34. Re3 b4
35. Nc4 Ra6 36. e5 fxe5 37. Nxe5 bxc3 38. Rxc3 Rb6 39. Qc2 Nxd4 40. Rc7 Rd7 41.
Rxd7 1-0

[Event "Tradewise Gibraltar Chess Festival 2013"]
[Site "Gibraltar ENG"]
[Date "2013.01.26"]
[Round "5.33"]
[White "Arvola, Benjamin"]
[Black "Cmilyte, Viktorija"]
[Result "0-1"]
[WhiteElo "2309"]
[BlackElo "2515"]
[PlyCount "59"]
[EventDate "2013.01.22"]
[EventType "swiss"]
[EventRounds "10"]
[EventCountry "ENG"]
[Source "lmi"]
[SourceDate "2013.01.22"]

1. Nf3 c5 2. g3 g6 3. Bg2 Bg7 4. O-O Nc6 5. c4 d6 6. Nc3 Bf5 7. a3 Qd7 8. Ne1
h5 9. h4 Nh6 10. Nc2 Bh3 11. b4 Bxg2 12. Kxg2 cxb4 13. axb4 Ne5 14. c5 dxc5 15.
bxc5 Qc6+ 16. Kg1 Qxc5 17. Ba3 Qc8 18. Nd5 Qh3 19. Nf4 Qd7 20. Ne3 O-O 21. Qb3
Rfd8 22. Rac1 e6 23. d4 Nc6 24. d5 Nd4 25. Qa2 e5 26. Nd3 Nhf5 27. Nc5 Qb5 28.
Rb1 Qxe2 29. Rb2 Qf3 30. Nxf5 0-1

[Event "Tradewise Gibraltar Chess Festival 2013"]
[Site "Gibraltar ENG"]
[Date "2013.01.26"]
[Round "5.34"]
[White "Harika, Dronavalli"]
[Black "Montero Melendez, Rafael"]
[Result "1-0"]
[WhiteElo "2514"]
[BlackElo "2316"]
[PlyCount "139"]
[EventDate "2013.01.22"]
[EventType "swiss"]
[EventRounds "10"]
[EventCountry "ENG"]
[Source "lmi"]
[SourceDate "2013.01.22"]

1. d4 d5 2. c4 c6 3. Nf3 Nf6 4. Nc3 dxc4 5. a4 Bf5 6. Ne5 Nbd7 7. Nxc4 Nb6 8.
Ne5 a5 9. e3 h6 10. f3 e6 11. e4 Bh7 12. Be3 Bb4 13. Be2 Nfd7 14. Nxd7 Nxd7 15.
O-O O-O 16. Qb3 e5 17. dxe5 Bc5 18. Bxc5 Nxc5 19. Qc4 Qb6 20. Kh1 Rfe8 21. f4
Qb4 22. Rad1 Nxe4 23. Rd7 Rf8 24. Nxe4 Bxe4 25. Qxb4 axb4 26. Rd4 Bc2 27. Rxb4
Rxa4 28. Rxb7 Rd8 29. b3 Ra2 30. Bf3 Rd4 31. Bxc6 Be4 32. Bxe4 Rxe4 33. h3 Ree2
34. Rg1 Re4 35. Rb8+ Kh7 36. Rf8 Rxf4 37. e6 Re2 38. Rxf7 Rb4 39. Rf3 Rxe6 40.
Rd1 g5 41. Kh2 Kg6 42. Rd8 Reb6 43. Rdd3 h5 44. Rfe3 R4b5 45. Kg1 Ra6 46. Kf2
Ra2+ 47. Re2 Ra1 48. Rb2 Kf5 49. Rc3 Ke4 50. Re3+ Kf4 51. Rf3+ Ke4 52. Rf4+ Kd5
53. g4 hxg4 54. hxg4 Rb1 55. Rd2+ Kc5 56. Rf5+ Kb4 57. Rd4+ Ka5 58. b4+ Kb6 59.
Rxb5+ Kxb5 60. Kf3 Rg1 61. Rd5+ Kxb4 62. Rxg5 Kc4 63. Ra5 Kd4 64. g5 Rh1 65.
Kf4 Rf1+ 66. Kg4 Ke4 67. g6 Rg1+ 68. Kh5 Kf4 69. Kh6 Rh1+ 70. Rh5 1-0

[Event "Tradewise Gibraltar Chess Festival 2013"]
[Site "Gibraltar ENG"]
[Date "2013.01.26"]
[Round "5.35"]
[White "Stockmann, Michael"]
[Black "Ju, Wenjun"]
[Result "0-1"]
[WhiteElo "2312"]
[BlackElo "2505"]
[PlyCount "88"]
[EventDate "2013.01.22"]
[EventType "swiss"]
[EventRounds "10"]
[EventCountry "ENG"]
[Source "lmi"]
[SourceDate "2013.01.22"]

1. d4 Nf6 2. Nf3 g6 3. c4 Bg7 4. g3 O-O 5. Bg2 d6 6. O-O c6 7. Nc3 Qb6 8. h3
Qa6 9. b3 b5 10. cxb5 cxb5 11. b4 Bb7 12. Bb2 Nbd7 13. Qd3 Nd5 14. a4 Nxb4 15.
Qd2 bxa4 16. Nxa4 Qb5 17. Nc3 Qb6 18. Na4 Qb5 19. Nc3 Qc4 20. Rfc1 a5 21. Qg5
Nc6 22. d5 h6 23. Qe3 Nce5 24. Nxe5 dxe5 25. Na4 Qb5 26. Rcb1 Qa6 27. Ba3 Rfe8
28. Ra2 Rad8 29. Rc2 Ba8 30. Rc7 e6 31. dxe6 Qxe6 32. Bxa8 Rxa8 33. Rbb7 Red8
34. Kh2 Rac8 35. Qa7 Rxc7 36. Rxc7 Nf6 37. Qxa5 Qf5 38. Bc5 Ne4 39. f3 Ng5 40.
g4 Qf4+ 41. Kg2 e4 42. fxe4 Qxe4+ 43. Kf2 Nxh3+ 44. Kg3 Be5+ 0-1

[Event "Tradewise Gibraltar Chess Festival 2013"]
[Site "Gibraltar ENG"]
[Date "2013.01.26"]
[Round "5.36"]
[White "Gallagher, Joseph G"]
[Black "Omar, Noaman"]
[Result "1-0"]
[WhiteElo "2499"]
[BlackElo "2314"]
[PlyCount "91"]
[EventDate "2013.01.22"]
[EventType "swiss"]
[EventRounds "10"]
[EventCountry "ENG"]
[Source "lmi"]
[SourceDate "2013.01.22"]

1. e4 c6 2. d4 d5 3. Nc3 dxe4 4. Nxe4 Bf5 5. Ng3 Bg6 6. Nf3 Nd7 7. Bc4 e6 8.
O-O Ngf6 9. Re1 Qc7 10. Qe2 Be7 11. Nh4 O-O 12. c3 c5 13. Nxg6 hxg6 14. dxc5
Bxc5 15. Bb3 Bd6 16. Bg5 Bf4 17. Bxf4 Qxf4 18. Rad1 Nc5 19. Rd4 Qc7 20. Bc2
Rfd8 21. Rh4 Rd6 22. Nf1 Rad8 23. Qe3 Nd3 24. Bxd3 Rxd3 25. Qxa7 Nd5 26. Rd4
Nb6 27. Rxd3 Rxd3 28. Qa5 Qd6 29. Qb5 Qd8 30. Ne3 Rd2 31. a4 Qf6 32. Rf1 Nd5
33. Nxd5 exd5 34. Qxb7 d4 35. a5 dxc3 36. a6 c2 37. a7 Qxf2+ 38. Rxf2 Rd1+ 39.
Rf1 Rxf1+ 40. Kxf1 c1=Q+ 41. Ke2 Qc2+ 42. Ke3 Qc5+ 43. Kd3 Qd6+ 44. Kc4 Qe6+
45. Kb4 Qd6+ 46. Ka4 1-0

[Event "Tradewise Gibraltar Chess Festival 2013"]
[Site "Gibraltar ENG"]
[Date "2013.01.26"]
[Round "5.37"]
[White "Vyparina, Matej"]
[Black "Mastrovasilis, Athanasios"]
[Result "0-1"]
[WhiteElo "2305"]
[BlackElo "2498"]
[PlyCount "80"]
[EventDate "2013.01.22"]
[EventType "swiss"]
[EventRounds "10"]
[EventCountry "ENG"]
[Source "lmi"]
[SourceDate "2013.01.22"]

1. e4 e5 2. Nf3 Nc6 3. Bb5 a6 4. Ba4 Nf6 5. d4 exd4 6. O-O Be7 7. Re1 b5 8. Bb3
d6 9. Bd5 Nxd5 10. exd5 Ne5 11. Nxd4 Bd7 12. a4 O-O 13. Qe2 Bf6 14. axb5 axb5
15. Rxa8 Qxa8 16. Nxb5 Qxd5 17. N5c3 Qa8 18. Ne4 Bd8 19. Nbc3 Bc6 20. Bg5 Bxg5
21. Nxg5 Bxg2 22. f4 Nf3+ 23. Nxf3 Bxf3 24. Qe7 Qc8 25. Kf2 Qh3 26. Qg5 Bc6 27.
Re3 Qxh2+ 28. Ke1 Qxc2 29. f5 h6 30. Qg4 Ra8 31. f6 g5 32. Qh5 Bd5 33. Nd1 Kh7
34. Re7 Qg6 35. Qe2 Qxf6 36. Rxc7 Kg7 37. Qd3 Bf3 38. Ne3 Ra1+ 39. Kd2 Qxb2+
40. Rc2 Qb4+ 0-1

[Event "Tradewise Gibraltar Chess Festival 2013"]
[Site "Gibraltar ENG"]
[Date "2013.01.26"]
[Round "5.38"]
[White "Gunina, Valentina"]
[Black "De Haan, Eric"]
[Result "1-0"]
[WhiteElo "2490"]
[BlackElo "2303"]
[PlyCount "73"]
[EventDate "2013.01.22"]
[EventType "swiss"]
[EventRounds "10"]
[EventCountry "ENG"]
[Source "lmi"]
[SourceDate "2013.01.22"]

1. d4 Nf6 2. c4 g6 3. Nf3 Bg7 4. g3 O-O 5. Bg2 d6 6. O-O Nc6 7. Nc3 a6 8. e3
Rb8 9. Qe2 b5 10. b3 e6 11. Bb2 Ne7 12. e4 bxc4 13. bxc4 Bb7 14. Rab1 Nd7 15.
Rfd1 c5 16. d5 e5 17. Na4 h6 18. Bc3 f5 19. Qe1 fxe4 20. Ba5 Qe8 21. Nd2 Bc8
22. Nxe4 Rxb1 23. Nxd6 Rxd1 24. Qxd1 Nf5 25. Nxe8 Rxe8 26. d6 Nd4 27. Qb1 e4
28. Bxe4 Nf6 29. Bxg6 Rf8 30. Nxc5 Bh3 31. Qd3 Ng4 32. d7 Ne5 33. Qe4 Ndf3+ 34.
Kh1 Bf6 35. Bf5 Bf1 36. Qd5+ Kg7 37. Ne6+ 1-0

[Event "Tradewise Gibraltar Chess Festival 2013"]
[Site "Gibraltar ENG"]
[Date "2013.01.26"]
[Round "5.39"]
[White "Muzychuk, Mariya"]
[Black "Villuendas Valero, Adrian"]
[Result "1-0"]
[WhiteElo "2471"]
[BlackElo "2301"]
[PlyCount "61"]
[EventDate "2013.01.22"]
[EventType "swiss"]
[EventRounds "10"]
[EventCountry "ENG"]
[Source "lmi"]
[SourceDate "2013.01.22"]

1. e4 e6 2. d4 d5 3. exd5 exd5 4. Nf3 Bd6 5. h3 Ne7 6. c4 c6 7. Nc3 O-O 8. Bd3
dxc4 9. Bxc4 Bf5 10. O-O Nd7 11. Re1 h6 12. Bd2 Nb6 13. Bb3 Ng6 14. Ne5 Qf6 15.
Qe2 Rae8 16. f4 Nxe5 17. dxe5 Qg6 18. Kh2 Bc5 19. Be3 Bxe3 20. Qxe3 h5 21. Rad1
Rd8 22. Qf2 Be6 23. Bc2 Bf5 24. Qh4 Nd5 25. Bb3 Rd7 26. Bxd5 cxd5 27. Nxd5 Bc2
28. Nf6+ gxf6 29. Rxd7 Be4 30. Rd2 f5 31. Re3 1-0

[Event "Tradewise Gibraltar Chess Festival 2013"]
[Site "Gibraltar ENG"]
[Date "2013.01.26"]
[Round "5.40"]
[White "Zhou, Yang-Fan"]
[Black "Chapman, Terry P D"]
[Result "1-0"]
[WhiteElo "2439"]
[BlackElo "2292"]
[PlyCount "95"]
[EventDate "2013.01.22"]
[EventType "swiss"]
[EventRounds "10"]
[EventCountry "ENG"]
[Source "lmi"]
[SourceDate "2013.01.22"]

1. e4 c6 2. d4 d5 3. e5 c5 4. Nf3 Bg4 5. c4 cxd4 6. cxd5 Qxd5 7. Nc3 Bxf3 8.
Nxd5 Bxd1 9. Nc7+ Kd7 10. Nxa8 Bc2 11. Bd2 Nc6 12. Rc1 d3 13. h4 e6 14. Rh3
Nge7 15. Bxd3 Bxd3 16. Rxd3+ Nd5 17. b4 b5 18. a4 bxa4 19. b5 Nxe5 20. Rc7+ Ke8
21. Rxd5 exd5 22. Rxa7 Bc5 23. Rc7 Kd8 24. Ba5 Nc4 25. Rxc5+ Nxa5 26. Rxd5+ Ke7
27. Nb6 a3 28. Rd3 Rb8 29. Rxa3 Rxb6 30. Rxa5 Rb7 31. h5 h6 32. Kd2 Kd6 33. Ke3
Kc5 34. Kf4 Rd7 35. g4 Kb6 36. Ra8 Kxb5 37. Rg8 f6 38. Kf5 Rd5+ 39. Kg6 Rg5+
40. Kh7 Rxg4 41. Rxg7 Rf4 42. Rg2 Rc4 43. Kxh6 f5 44. Kg5 f4 45. h6 f3 46. Rh2
Rc5+ 47. Kf4 Rc4+ 48. Kxf3 1-0

[Event "Tradewise Gibraltar Chess Festival 2013"]
[Site "Gibraltar ENG"]
[Date "2013.01.26"]
[Round "5.41"]
[White "Kuipers, Stefan"]
[Black "Gaehwiler, Gabriel"]
[Result "1-0"]
[WhiteElo "2431"]
[BlackElo "2269"]
[PlyCount "107"]
[EventDate "2013.01.22"]
[EventType "swiss"]
[EventRounds "10"]
[EventCountry "ENG"]
[Source "lmi"]
[SourceDate "2013.01.22"]

1. e4 c5 2. Nf3 d6 3. d4 cxd4 4. Nxd4 Nf6 5. Nc3 a6 6. Be3 e5 7. Nb3 Be6 8. h3
Nbd7 9. g4 Rc8 10. Qd2 Be7 11. O-O-O Nb6 12. g5 Nfd7 13. Kb1 O-O 14. h4 a5 15.
Nxa5 Ra8 16. Nb3 Qb8 17. Nd5 Bxd5 18. exd5 Rc8 19. Bb5 Nc4 20. Qb4 Nxe3 21.
fxe3 Qc7 22. Qe4 Rf8 23. Bd3 f5 24. gxf6 Nxf6 25. Qg2 Ra4 26. Rdg1 Rg4 27. Qh3
Qc8 28. Rxg4 Qxg4 29. Bf5 Qxh3 30. Rxh3 g6 31. Be6+ Kg7 32. Rh1 Ne4 33. Na5 b6
34. Nc4 b5 35. Na3 b4 36. Nc4 Bxh4 37. c3 bxc3 38. Rxh4 Rf1+ 39. Kc2 Rf2+ 40.
Kb3 c2 41. Rh1 Nc5+ 42. Kc3 Ne4+ 43. Kb4 Nc5 44. a4 Nd3+ 45. Kc3 c1=Q+ 46. Rxc1
Nxc1 47. a5 Na2+ 48. Kb3 Nc1+ 49. Ka3 Nd3 50. a6 Nc5 51. a7 Rf8 52. Nb6 h5 53.
Bc8 Rf1 54. Ka2 1-0

[Event "Tradewise Gibraltar Chess Festival 2013"]
[Site "Gibraltar ENG"]
[Date "2013.01.26"]
[Round "5.43"]
[White "Semprun Martinez, Fernando"]
[Black "Bellon Lopez, Juan Manuel"]
[Result "1-0"]
[WhiteElo "2201"]
[BlackElo "2404"]
[PlyCount "85"]
[EventDate "2013.01.22"]
[EventType "swiss"]
[EventRounds "10"]
[EventCountry "ENG"]
[Source "lmi"]
[SourceDate "2013.01.22"]

1. e4 c5 2. Nf3 e6 3. d4 cxd4 4. Nxd4 a6 5. Nc3 b5 6. Bd3 Bb7 7. O-O Nc6 8.
Nxc6 dxc6 9. a4 b4 10. Nb1 Qc7 11. Qe2 Nf6 12. Nd2 Nd7 13. f4 Nc5 14. Bc4 Be7
15. b3 Rd8 16. Bb2 Rxd2 17. Qxd2 Nxe4 18. Qe2 Nd6 19. Bd3 O-O 20. Rae1 Bd8 21.
Qh5 Nf5 22. Bxf5 exf5 23. Qxf5 Qb6+ 24. Kh1 c5 25. Qg4 Bf6 26. Bxf6 Qxf6 27.
Re5 Qc6 28. Qe2 h6 29. f5 Rd8 30. Re1 Rd4 31. Re8+ Kh7 32. Re7 Qd5 33. Re5 Qd6
34. Qh5 Rf4 35. Qe2 f6 36. Re7 Bc6 37. Rd1 Bd5 38. Re6 Qd7 39. h3 Rxf5 40. Rxa6
Qb7 41. Rd6 Re5 42. Qf2 Rg5 43. R1xd5 1-0

[Event "Tradewise Gibraltar Chess Festival 2013"]
[Site "Gibraltar ENG"]
[Date "2013.01.26"]
[Round "5.44"]
[White "Milliet, Sophie"]
[Black "Loew, Gerald"]
[Result "1/2-1/2"]
[WhiteElo "2403"]
[BlackElo "2231"]
[PlyCount "117"]
[EventDate "2013.01.22"]
[EventType "swiss"]
[EventRounds "10"]
[EventCountry "ENG"]
[Source "lmi"]
[SourceDate "2013.01.22"]

1. e4 c5 2. Nf3 g6 3. d4 cxd4 4. Nxd4 Bg7 5. Nc3 Nc6 6. Be3 Nf6 7. Bc4 O-O 8.
Bb3 a5 9. O-O Nxd4 10. Bxd4 d6 11. a4 Bd7 12. Re1 Bc6 13. Nd5 Nd7 14. Bxg7 Kxg7
15. c3 e6 16. Qd4+ Kg8 17. Ne3 Qb6 18. Qxb6 Nxb6 19. f3 Rfd8 20. Red1 Kf8 21.
Bc2 Ke7 22. Kf2 h5 23. h4 Be8 24. Rd4 Rac8 25. Bd1 Rc5 26. Ra3 e5 27. Rd2 Nc4
28. Nxc4 Rxc4 29. Bb3 Rc7 30. Bd5 Rb8 31. Ke3 Bc6 32. Ra1 Rf8 33. Ra3 Rb8 34.
g3 Rf8 35. Rb3 f5 36. Rb6 f4+ 37. Kf2 fxg3+ 38. Kxg3 Ra8 39. f4 Rf8 40. fxe5
dxe5 41. Rf2 Rxf2 42. Kxf2 Kd6 43. b4 Rc8 44. Bxc6 Rxc6 45. Rxb7 Rxc3 46. Rb6+
Kc7 47. bxa5 Rc4 48. Ke3 Rc3+ 49. Kd2 Rh3 50. Rxg6 Rxh4 51. Kd3 Rh1 52. Kc4 Rd1
53. Kc5 Rd4 54. Rg7+ Kb8 55. Rh7 Rxe4 56. Rxh5 Rxa4 57. Rxe5 Rxa5+ 58. Kd6 Rxe5
59. Kxe5 1/2-1/2

[Event "Tradewise Gibraltar Chess Festival 2013"]
[Site "Gibraltar ENG"]
[Date "2013.01.26"]
[Round "5.45"]
[White "Quillan, Gary"]
[Black "Pinho, Paulo"]
[Result "0-1"]
[WhiteElo "2398"]
[BlackElo "2128"]
[PlyCount "91"]
[EventDate "2013.01.22"]
[EventType "swiss"]
[EventRounds "10"]
[EventCountry "ENG"]
[Source "lmi"]
[SourceDate "2013.01.22"]

1. e4 c5 2. Nf3 e6 3. b3 d6 4. Bb2 a6 5. g3 b6 6. Bg2 Bb7 7. Qe2 Nf6 8. d3 Be7
9. Nbd2 O-O 10. O-O Nc6 11. h3 Qc7 12. c4 Nd7 13. Ne1 Bf6 14. Bxf6 Nxf6 15. Nc2
d5 16. f4 dxe4 17. dxe4 e5 18. Ne3 Nd4 19. Qd1 Rac8 20. f5 Ne8 21. h4 Qe7 22.
Rf2 Rd8 23. Qg4 f6 24. Kh2 Nd6 25. Rg1 Bc6 26. Qd1 b5 27. g4 bxc4 28. bxc4 Rb8
29. Qc1 Qb7 30. Nd5 Qb2 31. Qd1 Qxa2 32. Ne7+ Kf7 33. Nxc6 Nxc6 34. Nf3 Qxf2
35. Qxd6 Rfc8 36. Qd5+ Kf8 37. g5 Nd4 38. Qd6+ Kg8 39. Nxd4 Qxh4+ 40. Bh3 Rb2+
41. Rg2 Qf4+ 42. Kh1 Rb1+ 43. Rg1 Qxe4+ 44. Kh2 Rb2+ 45. Rg2 Qf4+ 46. Kg1 0-1

[Event "Tradewise Gibraltar Chess Festival 2013"]
[Site "Gibraltar ENG"]
[Date "2013.01.26"]
[Round "5.46"]
[White "Jones, Richard S"]
[Black "Pribyl, Jaroslav"]
[Result "1-0"]
[WhiteElo "2393"]
[BlackElo "1932"]
[PlyCount "53"]
[EventDate "2013.01.22"]
[EventType "swiss"]
[EventRounds "10"]
[EventCountry "ENG"]
[Source "lmi"]
[SourceDate "2013.01.22"]

1. e4 c6 2. d4 d5 3. Nc3 dxe4 4. Nxe4 Bf5 5. Ng3 Bg6 6. h4 h6 7. Nf3 Nd7 8. h5
Bh7 9. Bd3 Bxd3 10. Qxd3 e6 11. Bd2 Ngf6 12. O-O-O Qc7 13. Ne4 Nxe4 14. Qxe4
Nf6 15. Qe2 O-O-O 16. g3 Rd5 17. Bf4 Qa5 18. Kb1 Rxh5 19. Ne5 Rxh1 20. Rxh1 Qd5
21. Re1 Bb4 22. c3 Ba5 23. Nxf7 Rf8 24. Nd6+ Kb8 25. c4 Qh5 26. Qxe6 Bxe1 27.
Ne8+ 1-0

[Event "Tradewise Gibraltar Chess Festival 2013"]
[Site "Gibraltar ENG"]
[Date "2013.01.26"]
[Round "5.47"]
[White "Gromovs, Sergejs"]
[Black "Telljohann, Sven"]
[Result "1-0"]
[WhiteElo "2001"]
[BlackElo "2423"]
[PlyCount "61"]
[EventDate "2013.01.22"]
[EventType "swiss"]
[EventRounds "10"]
[EventCountry "ENG"]
[Source "lmi"]
[SourceDate "2013.01.22"]

1. d4 g6 2. c4 Bg7 3. Nc3 c5 4. d5 d6 5. e4 Nf6 6. f4 O-O 7. Nf3 Na6 8. Be2 Nc7
9. O-O a6 10. a4 b6 11. Qe1 Bg4 12. Qh4 e6 13. e5 Bxf3 14. Bxf3 Nfe8 15. Qg3
exd5 16. cxd5 b5 17. axb5 Nxb5 18. Be3 Nd4 19. Bxd4 cxd4 20. Ne4 Qb8 21. e6 f5
22. Ng5 Qxb2 23. h4 d3 24. Rab1 Qd4+ 25. Kh1 Nf6 26. h5 Ne4 27. Bxe4 fxe4 28.
hxg6 e3 29. Qh3 h6 30. e7 Rf6 31. Rfc1 1-0

[Event "Tradewise Gibraltar Chess Festival 2013"]
[Site "Gibraltar ENG"]
[Date "2013.01.26"]
[Round "5.48"]
[White "Vazquez Igarza, Renier"]
[Black "Tscharotschkin, Michael"]
[Result "1-0"]
[WhiteElo "2565"]
[BlackElo "2200"]
[PlyCount "33"]
[EventDate "2013.01.22"]
[EventType "swiss"]
[EventRounds "10"]
[EventCountry "ENG"]
[Source "lmi"]
[SourceDate "2013.01.22"]

1. d4 d5 2. c4 c6 3. Nc3 e6 4. Nf3 f5 5. Bf4 Nf6 6. e3 Be7 7. Bd3 O-O 8. Qc2
Ne4 9. g4 Na6 10. a3 Qa5 11. Ke2 Nxc3+ 12. bxc3 dxc4 13. Bxc4 b5 14. Ba2 fxg4
15. Ne5 Bxa3 16. Bb1 Rf5 17. Qb3 1-0

[Event "Tradewise Gibraltar Chess Festival 2013"]
[Site "Gibraltar ENG"]
[Date "2013.01.26"]
[Round "5.50"]
[White "Kurmann, Oliver"]
[Black "Sanchez Botella, Luis Javier"]
[Result "0-1"]
[WhiteElo "2456"]
[BlackElo "2196"]
[PlyCount "114"]
[EventDate "2013.01.22"]
[EventType "swiss"]
[EventRounds "10"]
[EventCountry "ENG"]
[Source "lmi"]
[SourceDate "2013.01.22"]

1. e4 c5 2. Nf3 e6 3. d4 cxd4 4. Nxd4 a6 5. Bd3 Bc5 6. Nb3 Ba7 7. Qe2 Nc6 8.
Be3 d6 9. c4 Nge7 10. Nc3 O-O 11. O-O e5 12. Bxa7 Rxa7 13. Qe3 Be6 14. Rfd1 b6
15. Be2 Rd7 16. Rd2 Qb8 17. Rad1 Rfd8 18. h3 Ng6 19. Nd5 Rb7 20. g3 Nf8 21. Kh2
Nd7 22. a3 Nc5 23. Na1 Nd4 24. b4 Nd7 25. Nc2 Bxd5 26. cxd5 Nxe2 27. Qxe2 b5
28. Ne3 Rc7 29. Nf5 Nf6 30. Qe3 g6 31. Qh6 Ne8 32. Qg5 f6 33. Qg4 Kh8 34. Ne3
Qc8 35. Qf3 Qd7 36. g4 Qe7 37. Nc2 Rdc8 38. Na1 Ng7 39. Nb3 f5 40. Rd3 fxe4 41.
Qxe4 Rc4 42. Qg2 Rf8 43. Rf3 Rxf3 44. Qxf3 Rf4 45. Qg3 Qf6 46. Kg2 h5 47. Rc1
Qg5 48. Rc8+ Kh7 49. f3 Rc4 50. Rc6 Qe3 51. f4 Qe2+ 52. Qf2 Qe4+ 53. Qf3 Qc2+
54. Kg3 exf4+ 55. Kh4 g5+ 56. Kxg5 Qg6+ 57. Kh4 Kh6 0-1

[Event "Tradewise Gibraltar Chess Festival 2013"]
[Site "Gibraltar ENG"]
[Date "2013.01.26"]
[Round "5.51"]
[White "Houska, Jovanka"]
[Black "Taus, Martin"]
[Result "1-0"]
[WhiteElo "2416"]
[BlackElo "2181"]
[PlyCount "117"]
[EventDate "2013.01.22"]
[EventType "swiss"]
[EventRounds "10"]
[EventCountry "ENG"]
[Source "lmi"]
[SourceDate "2013.01.22"]

1. d4 Nf6 2. Nf3 e6 3. c4 Bb4+ 4. Bd2 Qe7 5. g3 Nc6 6. Nc3 Bxc3 7. Bxc3 Ne4 8.
Qc2 Nxc3 9. Qxc3 Qb4 10. Rc1 Qxc3+ 11. Rxc3 d6 12. Bg2 e5 13. dxe5 dxe5 14.
Nxe5 Nxe5 15. Re3 O-O 16. Rxe5 Be6 17. b3 c6 18. Kd2 Rfd8+ 19. Kc1 Kf8 20. Rd1
Ke7 21. Rxd8 Rxd8 22. Re3 Kf6 23. Be4 h6 24. Bd3 a5 25. a4 b6 26. Kc2 g5 27. f4
gxf4 28. Rf3 Ke5 29. gxf4+ Kd4 30. Rg3 Rf8 31. Rg7 Ke3 32. f5 Bc8 33. Rh7 Kf4
34. Rxh6 f6 35. Rh4+ Ke5 36. Rh7 c5 37. h4 Rd8 38. Kc3 Bd7 39. Kd2 Kf4 40. Rf7
Ke5 41. Re7+ Kd6 42. Rh7 Ke5 43. Ke3 Bc8 44. Re7+ Kd6 45. Ra7 Rh8 46. Rf7 Ke5
47. Kd2 Bxf5 48. Rb7 Bxd3 49. Kxd3 Rd8+ 50. Ke3 Rd6 51. h5 f5 52. Rg7 Rh6 53.
Rg5 Re6 54. Rg6 Rxg6 55. hxg6 Kf6 56. Kf4 Kxg6 57. e4 fxe4 58. Kxe4 Kf6 59. Kd5
1-0